Catálogo descriptivo de memorias y estudios acerca de los criaderos minerales de España. (Record no. 43582)

MARC details
000 -LEADER
campo de control de longitud fija 00666nam a2200169 i 4500
001 - NÚMERO DE CONTROL
campo de control 43582
003 - IDENTIFICADOR DE NÚMERO DE CONTROL
campo de control ES-MaACL
007 - CAMPO FIJO DE DESCRIPCIÓN FÍSICA--INFORMACIÓN GENERAL
campo de control de longitud fija t|
008 - DATOS DE LONGITUD FIJA--INFORMACIÓN GENERAL
campo de control de longitud fija 030318s1933 sp ||||1| spa d
245 00 - MENCIÓN DEL TÍTULO
Título Catálogo descriptivo de memorias y estudios acerca de los criaderos minerales de España.
260 ## - PUBLICACIÓN, DISTRIBUCIÓN, ETC.
Lugar de publicación, distribución, etc. Madrid :
Nombre del editor, distribuidor, etc. Ministerio de Industria y Comercio, Dirección General de Minas y Combustibles, Consejo de Minería,
Fecha de publicación, distribución, etc. 1933.
300 ## - DESCRIPCIÓN FÍSICA
Extensión 1 v. en 2 t. ;
Dimensiones 24 cm.
710 1# - ENTRADA AGREGADA--NOMBRE DE ENTIDAD CORPORATIVA
Nombre de entidad corporativa o nombre de jurisdicción como elemento de entrada España.
Unidad subordinada Ministerio de Industria y Comercio.
9 (RLIN) 3883
710 1# - ENTRADA AGREGADA--NOMBRE DE ENTIDAD CORPORATIVA
Nombre de entidad corporativa o nombre de jurisdicción como elemento de entrada España.
Unidad subordinada Dirección General de Minas y Combustibles
9 (RLIN) 3756
852 ## - LOCALIZACIÓN
Ubicación ES-MaACL
Número de control de estantería C-7217-8
Holdings
Estatus retirado Estado de pérdida Estado de daño No para préstamo Biblioteca de origen Biblioteca actual Ubicación en estantería Fecha de adquisición Fuente de adquisición Total de préstamos Signatura topográfica completa Código de barras Visto por última vez Precio de reemplazo Tipo de ítem Koha
        Biblioteca del Ateneo de Madrid Biblioteca del Ateneo de Madrid Sala Palomar 17/01/2008     C-7217-8 1045877 23/02/2023 23/02/2023 Libro impreso